1919 1068 1871 1747 1740 1412 1559 1526 1127 1286 1938 1045 1012 1170 1051 1655 1639 1553 1979 1415 1915 1038 1880 1139 1729 1640 1996 1479 1718 1401 1218 1739 1779 1365 1592 1475 1607 1981 1077 1494 1546 1472 1819 1550 1600 1305 1006 1675 1337 1543 1821 1436 1531 1915 1536 1415 1543 1624 1839 1899 1123 1257 1248 1916 1972 1515 1475 1219 1367 1616 1543 1986 1918 1448 1783 1194 1550 1036 1382 1384 1409 1145 1850 1892 1499 1119 1537 1128 1714 1210 1924 1402 1856 1272 1389 1592 1555 1683 1102 BCNSPRNW ULIB Ver.6.0+V

เปลี่ยนเป็นภาษาไทย

Change to English
 แสดงรายละเอียดบรรณานุกรม
  กลับหน้าหลัก

Brief Record : Get Marc (ISO 2709) : E-mail record : QR code < ปิดหน้าต่าง
LEADER : 00000nam 2200000uu 4500
001    13399128170
003     ULIB
008    220802s2564||||th 000 0 tha d
020    ^a9786160042241
050    ^aนว.^bณ429ท
100  0 ^aณารา
245  1 ^aทัณฑ์รักพยาบาท /^cณารา
250    ^aพิมพ์ครั้งที่ 1
260    ^aกรุงเทพฯ :^bพิมพ์คำ,^c2564
300    ^a479 หน้า
650    ^aนวนิยายไทย
945    ^p330^l0^i009259
999    ^aประนอม เกษจรัล
รายการนี้ยังไม่มีแท็ก
คุณยังไม่ได้ล็อกอิน คุณสามารถมีกิจกรรมร่วมกับเว็บไซต์ได้ แต่ต้องล็อกอินก่อน ::
  ล็อกอิน

รายการสื่อสารสนเทศ

ลำดับที่ ประเภท เลขเรียก/บาร์โค้ด สถานที่ สถานะ
1. นวนิยาย
นวนิยาย
นว. ณ429ท ฉ.1 
  Barcode: 009259
ห้องสมุดวิทยาเขตนครสวรรค์
►นวนิยาย:l:Fiction
บนชั้น

รายการใกล้เคียง
    ผู้แต่ง [ณารา]

    หัวเรื่อง [นวนิยายไทย]

BibComment


ยังไม่เคยถูกคอมเมนท์

คอมเมนท์ทรัพยากรรายการนี้
  คอมเมนท์: ทัณฑ์รักพยาบาท ..


 Copyright 2026. Bcnsprnw @Library